000 01179naa a22003137a 4500
001 BR8106422
003 BR-BrBNA
005 20240918175002.0
007 ta
008 230509b bl.||||| |||| 00| 0 por d
040 _aBR-BrBNA
_bpor
_cBiblioteca Nacional de Agricultura
041 _a(Pt)
072 _aH00; E70
_b3877
_b3872
_b3878
_b3879
_bG514
090 _aH00 BR8106422
100 1 _aMariconi, F.A.M.
245 1 _aDefensivos encontrados no mercado brasileiro
250 1 _a4. ed.
260 3 _aSao Paulo, SP (Brasil):
_bNobel,
_c1981.
500 _aMariconi, F.A.M. Inseticidas e seu emprego no combate as pragas v. 2 Praga das plantas cultivadas e dos produtos armazenados 4. ed. Sao Paulo, SP (Brasil): Nobel, 1981. p. 27-32 (BR8106422-AM)H00
650 _aINSETICIDA
650 _aDEFENSIVO
650 _aACARICIDA
650 _aMOLUSCICIDA
650 _aNEMATICIDA
650 _aMERCADO
773 0 _tInseticidas e seu emprego no combate as pragas v. 2 Praga das plantas cultivadas e dos produtos armazenados
_aMariconi, F.A.M.
_wH00 BR8106422
_gSao Paulo, SP (Brasil), 1981. p. 27-32
909 _a202404
_bLucia
_c55
_dLucia Elande
942 _cAM
_2AGRIS
999 _c314444
_d314444